[Event "NOR-ch Seniors-A"]
[Site "Stavanger"]
[Date "2017.07.05"]
[Round "6"]
[White "Hauge, Tor Arne"]
[Black "Jenkins, Tom Ivar"]
[Result "1-0"]
[WhiteElo "2060"]
[BlackElo "1869"]
[PlyCount "75"]
[EventDate "2017.07.01"]
[EventType "swiss"]
[EventRounds "9"]
[EventCountry "NOR"]
[SourceTitle "EXT 2018"]
[Source "ChessBase"]
[SourceDate "2017.10.13"]
[SourceVersion "1"]
[SourceVersionDate "2017.10.13"]
[SourceQuality "1"]

1. e4 e6 2. b3 d5 3. Bb2 c5 4. Bb5+ Bd7 5. Qe2 Bxb5 6. Qxb5+ Qd7 7. Qxd7+ Kxd7 8. Nf3 dxe4 9. Ng5 Ke8 10. Nxe4 Nd7 11. Na3 Ngf6 12. f3 Nxe4 13. fxe4 e5 14. Nc4 f6 15. a4 Nb8 16. Ke2 Nc6 17. c3 Rd8 18. d3 Be7 19. Bc1 Kf7 20. Rf1 Rhf8 21. h4 Kg8 22. g4 Rd7 23. Ne3 Bd8 24. Nd5 Ne7 25. c4 Nc6 26. Be3 b6 27. h5 h6 28. Kd2 Nd4 29. Bxd4 cxd4 30. b4 Be7 31. Rfb1 Rb8 32. Kc2 Kf7 33. b5 Bc5 34. a5 Rbb7 35. axb6 Bxb6 36. Ra6 Rxd5 37. exd5 Bc5 38. Rc6 1-0

[Event "WchT Seniors 65"]
[Site "Radebeul"]
[Date "2016.06.30"]
[Round "5.4"]
[White "Jenkins, Tom Ivar"]
[Black "Perk, Egbert"]
[Result "0-1"]
[WhiteElo "1873"]
[BlackElo "1949"]
[PlyCount "77"]
[EventDate "2016.06.26"]
[EventType "team-swiss"]
[EventRounds "9"]
[EventCountry "GER"]
[SourceTitle "CBM 173 Extra"]
[Source "ChessBase"]
[SourceDate "2016.08.29"]
[SourceVersion "1"]
[SourceVersionDate "2016.08.29"]
[SourceQuality "1"]
[WhiteTeam "Norway Veteran"]
[BlackTeam "Surprise"]
[WhiteTeamCountry "NOR"]
[BlackTeamCountry "GER"]

1. d4 Nf6 2. c4 c6 3. Nc3 d5 4. cxd5 cxd5 5. Nf3 e6 6. a3 a6 7. Bg5 Be7 8. e3 Nbd7 9. Bd3 b6 10. 0-0 Bb7 11. Rc1 0-0 12. Ne5 g6 13. f4 Ne8 14. Bh6 Ng7 15. g4 f6 16. Nxd7 Qxd7 17. Bxg7 Kxg7 18. Bb1 b5 19. b4 a5 20. Qb3 axb4 21. axb4 e5 22. f5 e4 23. Ne2 g5 24. h3 Ra4 25. Rc5 Bxc5 26. dxc5 Bc6 27. Nd4 Rb8 28. Kf2 Rc8 29. Rd1 Qe7 30. Nxc6 Rxc6 31. Qxd5 Rca6 32. c6 Rxb4 33. Qd7 Kf7 34. Qd5+ Kf8 35. Rc1 Ra7 36. c7 Rxc7 37. Qa8+ Kg7 38. Rxc7 Qxc7 39. Ba2 0-1

[Event "NOR-ch Seniors-A"]
[Site "Oslo"]
[Date "2015.07.09"]
[Round "7"]
[White "Hanssen, Johnny"]
[Black "Jenkins, Tom Ivar"]
[Result "1/2-1/2"]
[WhiteElo "1684"]
[BlackElo "1688"]
[PlyCount "52"]
[EventDate "2015.07.04"]
[EventType "swiss"]
[EventRounds "9"]
[EventCountry "NOR"]
[SourceTitle "EXT 2017"]
[Source "ChessBase"]
[SourceDate "2016.10.25"]
[SourceVersion "1"]
[SourceVersionDate "2016.10.25"]
[SourceQuality "1"]

1. e4 e6 2. d4 d5 3. Nd2 dxe4 4. Nxe4 c5 5. Bb5+ Bd7 6. Bxd7+ Nxd7 7. Nf3 Ngf6 8. Nxf6+ Nxf6 9. 0-0 cxd4 10. Nxd4 Be7 11. c3 0-0 12. Qf3 Qd5 13. Qe2 a6 14. Re1 Rfc8 15. Be3 Qh5 16. Nf3 Nd5 17. Bd4 Bd6 18. Qe4 Qg6 19. Qxg6 hxg6 20. Rad1 b5 21. Ng5 Be7 22. Ne4 Rc6 23. Rc1 Rac8 24. a3 f5 25. Ng3 Bg5 26. Rcd1 Kf7 1/2-1/2

[Event "EU-chT Seniors 12th"]
[Site "Dresden"]
[Date "2010.02.14"]
[Round "5"]
[White "Hellwege, Werner"]
[Black "Jenkins, Tom Ivar"]
[Result "1-0"]
[WhiteElo "2000"]
[BlackElo "1969"]
[PlyCount "71"]
[EventDate "2010.02.10"]
[EventType "team-swiss"]
[EventRounds "9"]
[EventCountry "GER"]
[SourceTitle "CBM 134 Extra"]
[Source "ChessBase"]
[SourceDate "2010.03.03"]
[SourceVersion "1"]
[SourceVersionDate "2010.03.03"]
[SourceQuality "1"]
[WhiteTeam "Niedersachsen (Seniors)"]
[BlackTeam "Norway East (Seniors)"]
[WhiteTeamCountry "GER"]
[BlackTeamCountry "NOR"]

1. d4 d5 2. c4 c6 3. Nf3 Nf6 4. g3 e6 5. Bg2 Bb4+ 6. Bd2 Bxd2+ 7. Nbxd2 0-0 8. Qc2 Nbd7 9. 0-0 Re8 10. e4 dxc4 11. Nxc4 Nf8 12. Rfd1 Ng6 13. Rac1 Qc7 14. b4 Nd7 15. Ne3 Qd6 16. Qb3 Nb6 17. a4 a5 18. bxa5 Nd7 19. d5 exd5 20. exd5 Qc7 21. dxc6 bxc6 22. Nd4 Rb8 23. Qc3 c5 24. Nb5 Qe5 25. Bc6 Qxc3 26. Rxc3 Nge5 27. Nd6 Nxc6 28. Nxe8 Nd4 29. Rxc5 Ne2+ 30. Kf1 Nxc5 31. Nc7 Nxg3+ 32. hxg3 Bh3+ 33. Ke2 Nxa4 34. Kf3 Be6 35. a6 g6 36. a7 1-0